Por la diversidad, contra la discriminación : (Record no. 25625)

MARC details
000 -LEADER
campo de control de longitud fija 01427nam a2200409Ia 4500
001 - NÚMERO DE CONTROL
campo de control 032007
008 - DATOS DE LONGITUD FIJA--INFORMACIÓN GENERAL
campo de control de longitud fija 221003m2010 xx 000 0 spa d
020 ## - NÚMERO INTERNACIONAL ESTÁNDAR DEL LIBRO
Número Internacional Estándar del Libro 978-84-15018-25-4
035 ## - NÚMERO DE CONTROL DEL SISTEMA
Número de control de sistema CENDO_25626
041 ## - CÓDIGO DE IDIOMA
Código de lengua del texto/banda sonora o título independiente spa
245 #0 - MENCIÓN DEL TÍTULO
Título Por la diversidad, contra la discriminación :
Resto del título la igualdad de trato en España, hechos, garantías, perspectivas /
Mención de responsabilidad, etc. coordinadores Fernando Rey Martínez y David Giménez Glück
260 ## - PUBLICACIÓN, DISTRIBUCIÓN, ETC.
Lugar de publicación, distribución, etc. Madrid :
Nombre del editor, distribuidor, etc. Fundación Ideas,
Fecha de publicación, distribución, etc. 2010
300 ## - DESCRIPCIÓN FÍSICA
Extensión 88 p. ;
Dimensiones 30 cm
490 ## - MENCIÓN DE SERIE
Mención de serie Documento de Trabajo ;
Designación de volumen o secuencia 4/2010
500 ## - NOTA GENERAL
Nota general Bibliogr. p. 78-80
650 ## - PUNTO DE ACCESO ADICIONAL DE MATERIA--TÉRMINO DE MATERIA
Término de materia o nombre geográfico como elemento de entrada ESPAÑA
9 (RLIN) 9
650 ## - PUNTO DE ACCESO ADICIONAL DE MATERIA--TÉRMINO DE MATERIA
Término de materia o nombre geográfico como elemento de entrada IGUALDAD DE TRATO
9 (RLIN) 1580
650 #0 - PUNTO DE ACCESO ADICIONAL DE MATERIA--TÉRMINO DE MATERIA
Término de materia o nombre geográfico como elemento de entrada DISCRIMINACION RACIAL
9 (RLIN) 225
650 ## - PUNTO DE ACCESO ADICIONAL DE MATERIA--TÉRMINO DE MATERIA
Término de materia o nombre geográfico como elemento de entrada DERECHOS HUMANOS
9 (RLIN) 2569
650 ## - PUNTO DE ACCESO ADICIONAL DE MATERIA--TÉRMINO DE MATERIA
Término de materia o nombre geográfico como elemento de entrada GITANO
9 (RLIN) 6054
650 ## - PUNTO DE ACCESO ADICIONAL DE MATERIA--TÉRMINO DE MATERIA
Término de materia o nombre geográfico como elemento de entrada TRIBUNAL CONSTITUCIONAL
9 (RLIN) 596
650 ## - PUNTO DE ACCESO ADICIONAL DE MATERIA--TÉRMINO DE MATERIA
Término de materia o nombre geográfico como elemento de entrada DISCRIMINACION POR RAZONES DE SEXO
9 (RLIN) 201
650 ## - PUNTO DE ACCESO ADICIONAL DE MATERIA--TÉRMINO DE MATERIA
Término de materia o nombre geográfico como elemento de entrada DISCRIMINACION POR EDAD
9 (RLIN) 2533
650 ## - PUNTO DE ACCESO ADICIONAL DE MATERIA--TÉRMINO DE MATERIA
Término de materia o nombre geográfico como elemento de entrada DISCRIMINACION CONTRA PERSONAS CON DISCAPACIDAD
9 (RLIN) 782
650 ## - PUNTO DE ACCESO ADICIONAL DE MATERIA--TÉRMINO DE MATERIA
Término de materia o nombre geográfico como elemento de entrada DISCRIMINACION RELIGIOSA
9 (RLIN) 6627
700 ## - ENTRADA AGREGADA--NOMBRE PERSONAL
Nombre de persona REY MARTINEZ, Fernando,
Término indicativo de función/relación coord.
9 (RLIN) 10552
700 ## - ENTRADA AGREGADA--NOMBRE PERSONAL
Nombre de persona GIMENEZ GLÜCK, David,
Término indicativo de función/relación coord.
9 (RLIN) 9872
710 ## - ENTRADA AGREGADA--NOMBRE DE ENTIDAD CORPORATIVA
Nombre de entidad corporativa o nombre de jurisdicción como elemento de entrada FUNDACION IDEAS
Sede del congreso/Lugar de la reunión Madrid,
Término indicativo de función/relación ed.
9 (RLIN) 17269
856 ## - LOCALIZACIÓN Y ACCESO ELECTRÓNICOS
Nota pública PDF
Identificador Uniforme de Recursos <a href="http://docpublicos.ccoo.es/cendoc/032007DiversidadContraDiscriminacion.pdf">http://docpublicos.ccoo.es/cendoc/032007DiversidadContraDiscriminacion.pdf</a>
901 ## - ELEMENTOS DE DATOS A LOCAL LDA (RLIN)
a 0
903 ## - ELEMENTOS DE DATOS C LOCAL, LDC (RLIN)
a NO
904 ## - ELEMENTOS DE DATOS D LOCAL, LDD (RLIN)
a 000
953 ## -
-- 2013-01-18
-- DOCU_ELEC
910 ## - DATOS DE OPCIÓN DEL USUARIO (OCLC)
Datos de opción del usuario 2010
942 ## - ELEMENTOS DE ENTRADA SECUNDARIOS (KOHA)
Tipo de ítem Koha Documento Electrónico
Holdings
Estatus retirado Estado de pérdida Estado de daño No para préstamo Biblioteca de origen Biblioteca actual Fecha de adquisición Total de préstamos Código de barras Visto por última vez Precio de reemplazo Tipo de ítem Koha
        CENDO CENDO 18/01/2013   CENDO_25626 05/10/2022 05/10/2022 Documento Electrónico